| 000 | 00858nam a2200265 i 4500 | ||
|---|---|---|---|
| 001 | 16255 | ||
| 003 | ES-MaACL | ||
| 005 | 20251225063012.0 | ||
| 007 | t| | ||
| 008 | 000821s1997 sp ||||1| spa d | ||
| 020 | _a84-85081-30-7 | ||
| 080 | _a929 Deleuze, Gilles (047.53) | ||
| 100 | 0 |
_aDeleuze, Gilles, _d1925-1995 _943377 |
|
| 245 | 1 | 0 |
_aDiálogos / _cGilles Deleuze, Claire Parnet ; traducción de José Vázquez Pérez. |
| 250 | _a2ª ed. | ||
| 260 |
_aValencia : _bPre-Textos, _c1997. |
||
| 300 |
_a166 p. ; _c19 cm. |
||
| 490 | 1 |
_aPre-textos ; _v33. _aEnsayo |
|
| 600 | 0 | 4 |
_aDeleuze, Gilles, _d1925-1995- _vEntrevistas _943379 |
| 700 | 1 |
_aParnet, Claire. _989202 |
|
| 700 | 1 |
_aVázquez Pérez, José. _9113470 |
|
| 830 | 0 |
_aPre-textos ; _v33. _aEnsayo _9179721 |
|
| 852 |
_aES-MaACL _jL-23541 _bR.128833 |
||
| 999 |
_c16255 _d16255 |
||